[Event "ITA-ch (Women)"]
[Site "Giovinazzo"]
[Date "2015.07.22"]
[Round "5"]
[White "Movileanu, Daniela"]
[Black "De Rosa, Mariagrazia"]
[Result "1-0"]
[WhiteElo "2180"]
[BlackElo "2073"]
[PlyCount "71"]
[EventDate "2015.07.19"]
[EventType "swiss"]
[EventRounds "9"]
[EventCountry "ITA"]
[SourceTitle "EXT 2024"]
[Source "ChessBase"]
[SourceDate "2023.10.10"]
[SourceVersion "1"]
[SourceVersionDate "2023.10.10"]
[SourceQuality "1"]

1. e4 c5 2. Nf3 d6 3. d4 cxd4 4. Nxd4 Nf6 5. Nc3 a6 6. Be3 e6 7. f3 b5 8. Qd2 Nbd7 9. 0-0-0 Bb7 10. g4 Nb6 11. Qf2 Nfd7 12. Bd3 Rc8 13. Nce2 Nc5 14. Kb1 Nba4 15. Bc1 Qc7 16. Rhe1 Be7 17. Ng3 g6 18. g5 e5 19. Nb3 Nxd3 20. Rxd3 Nc5 21. Nxc5 dxc5 22. f4 c4 23. Rf3 Bc5 24. Qf1 Bb4 25. c3 Bd6 26. f5 b4 27. Bd2 a5 28. h4 Ba6 29. Qg2 Bb5 30. h5 Ba4 31. Rh1 Rg8 32. hxg6 hxg6 33. Rh7 Qc6 34. fxg6 fxg6 35. Qh3 Bc5 36. Rf6 1-0

[Event "ITA-ch (Women)"]
[Site "Giovinazzo"]
[Date "2015.07.19"]
[Round "1"]
[White "De Rosa, Mariagrazia"]
[Black "Brunello, Marina"]
[Result "0-1"]
[WhiteElo "2073"]
[BlackElo "2287"]
[PlyCount "60"]
[EventDate "2015.07.19"]
[EventType "swiss"]
[EventRounds "9"]
[EventCountry "ITA"]
[SourceTitle "EXT 2024"]
[Source "ChessBase"]
[SourceDate "2023.10.10"]
[SourceVersion "1"]
[SourceVersionDate "2023.10.10"]
[SourceQuality "1"]

1. e4 c5 2. Nf3 d6 3. d4 cxd4 4. Nxd4 a6 5. Nc3 Nf6 6. Be2 e5 7. Nb3 Be7 8. Bg5 Be6 9. Bxf6 Bxf6 10. Qd3 Nc6 11. 0-0-0 Nd4 12. Nxd4 exd4 13. Nd5 Bxd5 14. exd5 0-0 15. Qf3 b5 16. Bd3 Rb8 17. h4 a5 18. Rde1 a4 19. h5 a3 20. bxa3 g6 21. Re4 Bg7 22. Reh4 Qg5+ 23. Kb1 Rfe8 24. hxg6 hxg6 25. Rg4 Qd2 26. Rf4 Re1+ 27. Rxe1 Qxe1+ 28. Kb2 Bh6 29. Qg4 Re8 30. Bxb5 Qc3+ 0-1

[Event "Gibraltar Masters 13th"]
[Site "Caleta"]
[Date "2015.02.05"]
[Round "10"]
[White "Hamer, Martyn"]
[Black "De Rosa, Mariagrazia"]
[Result "1-0"]
[WhiteElo "2014"]
[BlackElo "2101"]
[PlyCount "109"]
[EventDate "2015.01.27"]
[EventType "swiss"]
[EventRounds "10"]
[EventCountry "GGB"]
[SourceTitle "CBM 165"]
[Source "ChessBase"]
[SourceDate "2015.03.11"]
[SourceVersion "1"]
[SourceVersionDate "2015.03.11"]
[SourceQuality "1"]

1. e4 c5 2. c3 d5 3. exd5 Qxd5 4. Nf3 e5 5. d4 e4 6. Ne5 Be6 7. Bc4 Qd6 8. Qb3 Bxc4 9. Qxc4 Qc7 10. Bf4 Bd6 11. Na3 a6 12. Qa4+ Kf8 13. Nb5 axb5 14. Qxa8 f6 15. Rd1 cxd4 16. cxd4 fxe5 17. dxe5 Bb4+ 18. Kf1 Nh6 19. g3 Ke7 20. Rc1 Qd7 21. e6 Qd3+ 22. Kg1 Qd5 23. h3 Nf5 24. Rc7+ Kxe6 25. Rxb7 Rc8 26. Rb6+ Bd6 27. Qxd5+ Kxd5 28. Rxb5+ Rc5 29. Rxc5+ Kxc5 30. Bxd6+ Nxd6 31. Kf1 Nc6 32. Ke2 Nc4 33. Rc1 Nd4+ 34. Kf1 Kd5 35. b3 Nd6 36. Rc7 Ne6 37. Rd7 Kc6 38. Re7 Kd5 39. a4 Nf5 40. Rd7+ Kc6 41. Rf7 Nfd4 42. b4 Nc2 43. b5+ Kb6 44. h4 h6 45. Ke2 h5 46. Kd2 Ncd4 47. Ke3 Nb3 48. Kxe4 Nec5+ 49. Ke5 Nxa4 50. Rxg7 Nac5 51. f4 Nd3+ 52. Kd5 Nf2 53. f5 Kxb5 54. Rb7+ Ka4 55. f6 1-0

[Event "Gibraltar Masters 13th"]
[Site "Caleta"]
[Date "2015.02.04"]
[Round "9"]
[White "George, Lolomari Erekosima"]
[Black "De Rosa, Mariagrazia"]
[Result "1/2-1/2"]
[WhiteElo "1857"]
[BlackElo "2101"]
[PlyCount "85"]
[EventDate "2015.01.27"]
[EventType "swiss"]
[EventRounds "10"]
[EventCountry "GGB"]
[SourceTitle "CBM 165"]
[Source "ChessBase"]
[SourceDate "2015.03.11"]
[SourceVersion "1"]
[SourceVersionDate "2015.03.11"]
[SourceQuality "1"]

1. Nf3 Nf6 2. c4 g6 3. b4 a5 4. b5 Bg7 5. Bb2 c6 6. a4 d5 7. cxd5 cxd5 8. g3 Nbd7 9. Bg2 Nb6 10. d3 0-0 11. 0-0 Bg4 12. Nbd2 Nfd7 13. Bxg7 Kxg7 14. Nb3 e5 15. Qd2 Qe7 16. Ne1 f6 17. Nc2 Nc5 18. Nxc5 Qxc5 19. Ne3 Be6 20. Rfc1 Qd6 21. h4 f5 22. Nf1 f4 23. Nh2 Rf7 24. Nf3 h6 25. Qb2 d4 26. Nd2 fxg3 27. fxg3 Bd5 28. Be4 Qd7 29. Kg2 Bxe4+ 30. dxe4 Qg4 31. Nf3 Qxe4 32. Qc2 Qxc2 33. Rxc2 Nd5 34. Rc5 Ne3+ 35. Kh3 e4 36. Nxd4 Rf2 37. Ne6+ Kf6 38. Nf4 g5 39. Nd5+ Nxd5 40. Rxd5 Rxe2 41. hxg5+ hxg5 42. Rf1+ Ke6 43. Rff5 1/2-1/2

[Event "Gibraltar Masters 13th"]
[Site "Caleta"]
[Date "2015.01.30"]
[Round "4"]
[White "De Rosa, Mariagrazia"]
[Black "Santos Ruiz, Miguel"]
[Result "0-1"]
[WhiteElo "2101"]
[BlackElo "2310"]
[PlyCount "62"]
[EventDate "2015.01.27"]
[EventType "swiss"]
[EventRounds "10"]
[EventCountry "GGB"]
[SourceTitle "CBM 165"]
[Source "ChessBase"]
[SourceDate "2015.03.11"]
[SourceVersion "1"]
[SourceVersionDate "2015.03.11"]
[SourceQuality "1"]

1. e4 e6 2. d4 d5 3. Nd2 c5 4. exd5 exd5 5. Ndf3 Nc6 6. h3 Qb6 7. c3 Nf6 8. Bd3 cxd4 9. Nxd4 Nxd4 10. cxd4 Bb4+ 11. Kf1 0-0 12. Nf3 Bd7 13. a4 Ne4 14. g3 Rfe8 15. Kg2 a5 16. Bf4 h6 17. Bc2 f6 18. Bb3 Bc6 19. h4 h5 20. Qd3 Qd8 21. Ne1 Bd6 22. Bxd6 Qxd6 23. Nc2 b6 24. Rhd1 Re6 25. Ne3 g6 26. Nf1 f5 27. Nh2 f4 28. g4 f3+ 29. Nxf3 Qf4 30. g5 Qg4+ 31. Kh2 Rf8 0-1